000 00603nam a2200181 i 4500
001 62612
003 ES-MaACL
005 20230906164711.0
007 t|
008 031124s1957 sp ||||1| spa d
100 1 _aFernández Heras, Amado.
_949843
245 1 0 _aExpediente para sancionar faltas en el trabajo
_b: notificación de despido /
_cAmado Fernández Heras y Cesar Alonso Ruiz de Loyzaga.
250 _a2ª ed.
260 _a[Zaragoza :
_bEditorial Lasala,
_c1957]
300 _a1 v. ;
_c31 cm.
700 1 _aAlonso Ruiz de Loyzaga, César.
_920400
852 _aES-MaACL
_j2000-F-28
_bR.41119
999 _c62612
_d62612